Города Северо-Кавказского федерального округа России - Statistics

General Stats
  • This quiz has been taken 157 times
  • The average score is 34 of 63
Answer Stats
Население Подсказка Город % Correct
622 091 Республика Дагестан Махачкала
97%
333 672 Чеченская Республика Грозный
95%
124 953 Республика Дагестан Дербент
90%
18 521 Республика Ингушетия Магас
90%
557 271 Ставропольский край Ставрополь
90%
245 756 Кабардино-Балкарская Республика Нальчик
87%
112 782 Карачаево-Черкесская Республика Черкесск
86%
292 717 Республика Северная Осетия - Алания Владикавказ
85%
144 955 Ставропольский край Пятигорск
84%
155 144 Республика Дагестан Хасавюрт
82%
126 674 Ставропольский край Кисловодск
81%
121 140 Республика Дагестан Каспийск
80%
124 086 Республика Ингушетия Назрань
80%
36 011 Республика Северная Осетия - Алания Беслан
80%
69 569 Ставропольский край Минеральные Воды
71%
121 534 Ставропольский край Ессентуки
70%
49 999 Республика Дагестан Кизляр
65%
35 662 Республика Северная Осетия - Алания Моздок
63%
66 352 Чеченская Республика Гудермес
61%
68 121 Республика Дагестан Буйнакск
59%
23 728 Карачаево-Черкесская Республика Карачаевск
58%
115 826 Ставропольский край Невинномысск
57%
22 418 Ставропольский край Железноводск
57%
55 996 Республика Дагестан Избербаш
56%
65 698 Чеченская Республика Урус-Мартан
54%
57 121 Ставропольский край Будённовск
54%
38 335 Республика Дагестан Кизилюрт
53%
43 456 Чеченская Республика Аргун
53%
31 412 Республика Дагестан Дагестанские Огни
51%
57 060 Чеченская Республика Шали
51%
62 525 Республика Ингушетия Сунжа
48%
59 778 Кабардино-Балкарская Республика Прохладный
48%
31 357 Карачаево-Черкесская Республика Усть-Джегута
47%
21 315 Республика Северная Осетия - Алания Алагир
47%
31 286 Чеченская Республика Ачхой-Мартан
46%
112 793 Ставропольский край Михайловск
46%
37 339 Республика Ингушетия Малгобек
44%
23 075 Ставропольский край Нефтекумск
44%
39 749 Кабардино-Балкарская Республика Баксан
43%
18 915 Республика Северная Осетия - Алания Ардон
43%
9994 Республика Северная Осетия - Алания Дигора
43%
62 036 Ставропольский край Георгиевск
43%
11 165 Чеченская Республика Наурская
42%
13 538 Чеченская Республика Шелковская
41%
32 972 Ставропольский край Зеленокумск
41%
22 887 Ставропольский край Лермонтов
41%
8978 Карачаево-Черкесская Республика Теберда
39%
22 061 Кабардино-Балкарская Республика Тырныауз
38%
20 837 Кабардино-Балкарская Республика Чегем
38%
10 503 Республика Дагестан Южно-Сухокумск
37%
26 286 Кабардино-Балкарская Республика Майский
35%
26 410 Ставропольский край Новоалександровск
35%
25 682 Ставропольский край Ипатово
35%
43 772 Республика Ингушетия Карабулак
34%
24 802 Чеченская Республика Курчалой
34%
30 713 Ставропольский край Благодарный
34%
32 982 Кабардино-Балкарская Республика Нарткала
32%
19 990 Кабардино-Балкарская Республика Терек
32%
38 177 Ставропольский край Изобильный
32%
35 196 Ставропольский край Светлоград
32%
20 595 Ставропольский край Новопавловск
30%
13 094 Чеченская Республика Серноводское
29%
19 992 Чеченская Республика Ойсхара
28%
No matching quizzes found
Score Distribution
Percent of People with Each Score
Percentile by Number Answered
Your Score History
You have not taken this quiz